Таможенно-тарифное регулирование внешнеторговой деятельности: учебник

Bibliografske podrobnosti
Glavni avtor: Покровская В. В. Валентина Васильевна
Korporativna značnica: Высшая школа экономики (ВШЭ) Национальный исследовательский университет (НИУ)
Izvleček:В настоящем учебнике рассмотрены система и механизм таможенно-тарифного регулирования внешнеторговой деятельности (ВТД), ее составные элементы и принцип их взаимодействия; унифицированный характер формирования таможенных тарифов и их применение в международной торговой практике; действие режима наибольшего благоприятствования и тарифных преференций; процедуры подтверждения страны происхождения товара и оценки таможенной стоимости и их определяющее значение в процессе расчета таможенных платежей. Отражена зарубежная практика в области таможенно-тарифного регулирования, унифицированная в рамках ГАТТ/ВТО, и условия его реализации в границах Таможенного союза Белоруссии, Казахстана и Российской Федерации.Материал излагается доступным языком в необходимом для изучения одноименной учебной дисциплины объеме и в строгой последовательности и значимости инструментов таможенно-тарифного регулирования. Предназначено для студентов вузов, обучающихся по специальности 036401 «Таможенное дело» и бакалавров направления «Экономика».
Jezik:ruščina
Izdano: Санкт-Петербург, Интермедия, 2014
Teme:
Format: MixedMaterials Knjiga
KOHA link:https://koha.lib.tpu.ru/cgi-bin/koha/opac-detail.pl?biblionumber=251289

MARC

LEADER 00000nam0a2200000 4500
001 251289
005 20231101232638.0
010 |a 9785438300533 
035 |a (RuTPU)RU\TPU\book\273565 
090 |a 251289 
100 |a 20140220d2014 m y0rusy50 ca 
101 0 |a rus 
102 |a RU 
105 |a y j 000zy 
200 1 |a Таможенно-тарифное регулирование внешнеторговой деятельности  |e учебник  |f В. В. Покровская  |g Высшая школа экономики (ВШЭ), Национальный исследовательский университет (НИУ) 
210 |a Санкт-Петербург  |c Интермедия  |d 2014 
215 |a 135 с. 
330 |a В настоящем учебнике рассмотрены система и механизм таможенно-тарифного регулирования внешнеторговой деятельности (ВТД), ее составные элементы и принцип их взаимодействия; унифицированный характер формирования таможенных тарифов и их применение в международной торговой практике; действие режима наибольшего благоприятствования и тарифных преференций; процедуры подтверждения страны происхождения товара и оценки таможенной стоимости и их определяющее значение в процессе расчета таможенных платежей. Отражена зарубежная практика в области таможенно-тарифного регулирования, унифицированная в рамках ГАТТ/ВТО, и условия его реализации в границах Таможенного союза Белоруссии, Казахстана и Российской Федерации.Материал излагается доступным языком в необходимом для изучения одноименной учебной дисциплины объеме и в строгой последовательности и значимости инструментов таможенно-тарифного регулирования. Предназначено для студентов вузов, обучающихся по специальности 036401 «Таможенное дело» и бакалавров направления «Экономика». 
606 1 |a Таможенное дело  |x Экономика  |2 stltpush  |3 (RuTPU)RU\TPU\subj\69328  |9 84236 
606 1 |a Внешнеэкономическая деятельность  |2 stltpush  |3 (RuTPU)RU\TPU\subj\35997  |9 57529 
606 1 |a Внешняя торговля  |2 stltpush  |3 (RuTPU)RU\TPU\subj\36004  |9 57535 
610 1 |a таможенное регулирование 
610 1 |a тарифное регулирование 
610 1 |a таможенные тарифы 
610 1 |a государственное регулирование 
610 1 |a Российская Федерация 
610 1 |a Таможенный союз 
610 1 |a экспорт 
610 1 |a импорт 
610 1 |a товарная номенклатура 
610 1 |a таможенные процедуры 
610 1 |a преференции 
610 1 |a таможенная стоимость 
610 1 |a учебники 
686 |a У9(2)428я73  |v LBC/SL-A  |2 rubbk 
686 |a У9(2)843я73  |v LBC/SL-A  |2 rubbk 
700 1 |a Покровская  |b В. В.  |g Валентина Васильевна 
712 0 2 |a Высшая школа экономики (ВШЭ)  |b Национальный исследовательский университет (НИУ)  |c (Санкт-Петербург)  |2 stltpush  |3 (RuTPU)RU\TPU\col\17718 
801 1 |a RU  |b 63413507  |c 20140220 
801 2 |a RU  |b 63413507  |c 20150626  |g RCR 
900 |a Таможенно-тарифное регулирование внешнеэкономической деятельности и таможенная стоимость 
900 |a Таможенное дело 
942 |c BK 
959 |a 31/20140220  |d 2  |e 450,00  |f ЧЗГЛ:1  |f АНЛ:1